Wymień kraje Europy - Statystyki

Ogólne statystyki
  • Ten quiz został rozwiązany 13 760 razy
  • Średni wynik to 35 z 47
Statystyki odpowiedzi
Bez podpowiedzi :S Kraj :D % Poprawnych
. Polska
98%
. Niemcy
95%
. Rosja
94%
. Francja
91%
. Hiszpania
91%
. Ukraina
91%
. Czechy
89%
. Litwa
89%
. Portugalia
88%
. Słowacja
88%
. Szwecja
88%
. Włochy
87%
. Łotwa
86%
. Norwegia
85%
. Białoruś
83%
. Wielka Brytania
83%
. Finlandia
82%
. Estonia
81%
. Grecja
80%
. Chorwacja
79%
. Holandia
79%
. Słowenia
79%
. Belgia
78%
. Dania
77%
. Irlandia
75%
. Szwajcaria
74%
. Austria
73%
. Watykan
73%
. Węgry
72%
. Bośnia I Hercegowina
71%
. Albania
69%
. Rumunia
69%
. Islandia
68%
. Turcja
68%
. Bułgaria
66%
. Luksemburg
64%
. Serbia
61%
. Czarnogóra
60%
. San Marino
60%
. Andora
58%
. Liechtenstein
58%
. Mołdawia
58%
. Kosowo
57%
. Macedonia Północna
56%
. Monako
56%
. Malta
54%
. Kazachstan
23%
Nie znaleziono quizów pasujących do podanych kryteriów
Rozkład punktacji
Procent ludzi z każdym wynikiem
Percentyl według liczby udzielonych odpowiedzi
Twoja historia wyników
Nie rozwiązałeś tego quizu